Catálogo público

The evolution of cycles and the origin of heteroecy (Migrations) in plant lice / (Record no. 205771)

MARC details
000 -CABECERA
campo de control de longitud fija 00918nam a2200289Ia 4500
001 - NÚMERO DE CONTROL
campo de control Para_8267
003 - IDENTIFICADOR DEL NÚMERO DE CONTROL
campo de control CHAP
008 - DATOS DE LONGITUD FIJA--INFORMACIÓN GENERAL
campo de control de longitud fija 220125s9999 xx 000 0 und d
010 ## - NÚMERO DE CONTROL DE LA BIBLIOTECA DEL CONGRESO
Número de control de LC 205771
040 ## - FUENTE DE LA CATALOGACIÓN
Centro/agencia transcriptor CHAP
082 ## - NÚMERO DE LA CLASIFICACIÓN DECIMAL DEWEY
Número de clasificación PA-C 595.752 A6
100 ## - ENTRADA PRINCIPAL--NOMBRE DE PERSONA
Nombre de persona Mordvilko, A.
9 (RLIN) 171882
245 ## - MENCIÓN DE TÍTULO
Título The evolution of cycles and the origin of heteroecy (Migrations) in plant lice /
Mención de responsabilidad, etc. by A. Mordvilko
300 ## - DESCRIPCIÓN FÍSICA
Extensión 13 p.
440 ## - MENCIÓN DE SERIE/PUNTO DE ACCESO ADICIONAL--TÍTULO
Título aphidae; 7
9 (RLIN) 171883
500 ## - NOTA GENERAL
Nota general Sobretiro de: Anals and magazine of natural history 2: 570-582, 1928. Encuadernado con otros impresos similares
650 ## - PUNTO DE ACCESO ADICIONAL DE MATERIA--TÉRMINO DE MATERIA
Término de materia o nombre geográfico como elemento de entrada Afididos
Subdivisión general Colecciones de escritos
9 (RLIN) 1032
650 ## - PUNTO DE ACCESO ADICIONAL DE MATERIA--TÉRMINO DE MATERIA
Término de materia o nombre geográfico como elemento de entrada Agricultura
Subdivisión general plagas
9 (RLIN) 1764
650 ## - PUNTO DE ACCESO ADICIONAL DE MATERIA--TÉRMINO DE MATERIA
Término de materia o nombre geográfico como elemento de entrada Migración de insectos
9 (RLIN) 75599
901 ## - ELEMENTOS DE DATOS A LOCAL LDA (RLIN)
a PA-C 595.752 A6
902 ## - ELEMENTOS DE DATOS B LOCAL, LDB (RLIN)
a M
905 ## - ELEMENTOS DE DATOS E LOCAL, LDE (RLIN)
a 000000 0000000000 00
910 ## - DATOS DE OPCIÓN DEL USUARIO (OCLC)
Datos de opción del usuario
942 ## - ELEMENTOS DE PUNTO DE ACCESO ADICIONAL (KOHA)
Tipo de ítem Koha Parasitologia_
942 ## - ELEMENTOS DE PUNTO DE ACCESO ADICIONAL (KOHA)
Tipo de ítem Koha Parasitologia_
-- 1
Holdings
Estado de retiro Estado de pérdida Fuente del sistema de clasificación o colocación Estado dañado Restricciones de uso No para préstamo Código de colección Localización permanente Ubicación/localización actual Ubicación en estantería Fecha de adquisición Información codificada de la localización en otra ubicación Enumeración/cronología de publicación seriada Total de préstamos Código de barras Fecha visto por última vez Precio válido a partir de Tipo de ítem Koha Nota pública
    Dewey Decimal Classification   Préstamo interno   Consulta Parasitologia Agricola Parasitologia Agricola   27/10/2005 PARA Volumen: 7   PA_8326-21 25/01/2022 25/01/2022 Libro 3